000 00414nam a2200169Ia 4500
008 230711s9999||||xx |||||||||||||| ||und||
020 _a978-81-265-5423-2
041 _aENG
082 _a510
_bKR-E
100 _aKreyszig,Erwin
245 0 _aAdvanced engineering Mathematics
250 _a10th Ed.
260 _c2006
_aNew Delhi
_bWiley Eastern Limited
300 _a1094
650 _aMathematics
942 _cBK
999 _c5470
_d5470